MARC

LEADER 00000nam0a2200000 4500
001 301866
005 20231102001437.0
020 |a RU  |b 83-11943 
035 |a (RuTPU)RU\TPU\book\327057 
090 |a 301866 
100 |a 20150817d1983 km y0rusy5003 ca 
101 0 |a rus 
102 |a RU 
105 |a ac z 000zy 
200 1 |a В революции  |e [воспоминания]  |f В. Антонов-Овсеенко 
210 |a Москва  |c Политиздат  |d 1983 
215 |a 176 с.  |c ил. 
606 1 |a Октябрьская революция 1917 в России  |2 stltpush  |3 (RuTPU)RU\TPU\subj\66157  |9 82371 
610 1 |a воспоминания 
610 1 |a мемуары 
610 1 |a партийные деятели 
610 1 |a государственные деятели 
610 1 |a Петроград 
610 1 |a история 
686 |a Т3(2)611  |2 rubbk 
700 1 |a Антонов-Овсеенко  |b В. А.  |g Владимир Александрович  |4 070 
801 0 |a RU  |b RuMRKP  |c 19950704  |g psbo 
801 1 |a RU  |b 63413507  |c 20150817 
801 2 |a RU  |b 63413507  |c 20190624  |g RCR 
942 |c BK